[Event "Titled Tuesday intern op 15th Nov Late"]
[Site "Chess.com INT"]
[Date "2022.11.15"]
[Round "9"]
[White "Annaberdiyev, Babageldi"]
[Black "Yuan, Qingyu"]
[Result "0-1"]
[WhiteElo "2208"]
[BlackElo "2373"]
[PlyCount "148"]
[EventDate "2022.11.15"]
[EventType "swiss (blitz)"]
[EventRounds "11"]
[EventCountry "USA"]
[SourceTitle "CBM 211 Extra"]
[Source "ChessBase"]
[SourceDate "2023.01.31"]
[SourceVersion "1"]
[SourceVersionDate "2023.01.31"]
[SourceQuality "1"]

1. e4 c6 2. d4 d5 3. Nd2 dxe4 4. Nxe4 Nf6 5. Nxf6+ exf6 6. Bc4 Bd6 7. Qe2+ Be7 8. Nf3 0-0 9. 0-0 Bd6 10. Re1 a5 11. a4 Na6 12. c3 Nc7 13. h3 Bf5 14. Bd2 Re8 15. Qf1 Qd7 16. Rxe8+ Rxe8 17. Re1 Be4 18. Bd3 Bxf3 19. gxf3 Rxe1 20. Bxe1 Nd5 21. Bd2 Bf4 22. c4 Bxd2 23. cxd5 Qxd5 24. Qe2 Qg5+ 25. Kf1 Bb4 26. Qe8+ Bf8 27. Bxh7+ Kxh7 28. Qxf8 Kg6 29. Qa3 Qd2 30. Qb3 Qxd4 31. Qxb7 Qxa4 32. Kg2 Qb5 33. Qd7 Qg5+ 34. Kh2 Qe5+ 35. Kg2 Qg5+ 36. Kh2 Qd5 37. Qg4+ Kh7 38. h4 g6 39. Kg2 Kg7 40. Qa4 Qb5 41. Qd4 Qb4 42. Qd7 Qxb2 43. Qxc6 Qe5 44. Qa6 Qh5 45. Kg3 Qe5+ 46. Kg2 Qc5 47. Qa8 Qb5 48. h5 Qxh5 49. f4 Qc5 50. Kg3 Qc3+ 51. f3 Qe1+ 52. Kh3 Qf1+ 53. Kg3 Qg1+ 54. Kh3 Qc5 55. Kg3 Qb5 56. Kh3 a4 57. Kg3 Qb4 58. f5 g5 59. Qa6 a3 60. Kh3 Qb3 61. Kg4 Qb4+ 62. Kg3 Qf4+ 63. Kg2 Qd2+ 64. Kg3 a2 65. f4 Qxf4+ 66. Kh3 Qf3+ 67. Kh2 Qf2+ 68. Kh3 Qh4+ 69. Kg2 Qg4+ 70. Kh2 Qf4+ 71. Kg2 Qe4+ 72. Kh2 Qe5+ 73. Kh3 Qc3+ 74. Kg4 Qd4+ 0-1